000 00804pam a2200253 a 4500
001 13918
003 BD-RjUL
005 20211208235534.0
008 140203s1969 enka b 001 0 eng
035 _a(BD-RjUL)13970
040 _aDLC
_cDLC
_dDLC
_dBD-RjUL
_beng
041 _aeng
082 0 0 _a597.01
_219
_bFIS 1969
245 0 0 _aFish physiology :
_cedited by W. S. Hoar and D. J. Randall.
_nVolume 1 :
_pRxcretion, Ionoc Regulation, and Metabolism.
260 _aLondon ;
_aNew York :
_bAcademic press,
_cc1969.
300 _axiv, 465 p. :
_bill. ;
_c23 cm.
504 _aIncludes bibliographies and index.
650 0 _aFishes
_xPhysiology.
_943508
700 1 _a Hoar, W. S.
_943509
700 1 _a Randall, D. J.
_943510
942 _2ddc
_cBK
999 _c13918
_d13918